000 01427nam a2200361Ia 4500
001 ebr10112156
003 CaPaEBR
006 m u
007 cr cn|||||||||
008 030922s2001 caua s 001 0 eng d
020 _z0738417904
040 _aCaPaEBR
_cCaPaEBR
035 _a(OCoLC)632612521
050 1 4 _aTK5105.5
_bZ675 2001eb
245 0 0 _az/OS Intelligent Resource Director
_h[electronic resource] /
_cFrank Kyne ... [et al.].
250 _a1st ed.
260 _aSan Jose, CA :
_bIBM International Technical Support Organization,
_c2001.
300 _axii, 412 p. :
_bill.
490 1 _aIBM redbooks
500 _aIncludes index.
500 _a"SG24-5952-00."
500 _a"This edition applies to Version 1 Release 1 of z/OS, Program Number 5694-A01."
533 _aElectronic reproduction.
_bPalo Alto, Calif. :
_cebrary,
_d2013.
_nAvailable via World Wide Web.
_nAccess may be limited to ebrary affiliated libraries.
630 0 0 _az/OS.
650 0 _aComputer networks
_xManagement.
650 0 _aIBM software.
650 0 _aSystems software.
655 7 _aElectronic books.
_2local
710 2 _aInternational Business Machines Corporation.
_bInternational Technical Support Organization.
710 2 _aebrary, Inc.
830 0 _aIBM redbooks.
856 4 0 _uhttp://site.ebrary.com/lib/rucke/Doc?id=10112156
_zAn electronic book accessible through the World Wide Web; click to view
999 _c106519
_d106519